Engineering mechanics : Statics & dynamics (Record no. 25)
[ view plain ]
| 000 -LEADER | |
|---|---|
| fixed length control field | 00926nac a22002531u 4500 |
| 008 - FIXED-LENGTH DATA ELEMENTS--GENERAL INFORMATION | |
| fixed length control field | 111219s2005 nju|||||r|||| 00| 0 eng d |
| 010 ## - LIBRARY OF CONGRESS CONTROL NUMBER | |
| LC control number | 2004275997 |
| 020 ## - INTERNATIONAL STANDARD BOOK NUMBER | |
| International Standard Book Number | 0131463292 |
| 020 ## - INTERNATIONAL STANDARD BOOK NUMBER | |
| International Standard Book Number | 0131463292 |
| 020 ## - INTERNATIONAL STANDARD BOOK NUMBER | |
| International Standard Book Number | 9780131463295 |
| 082 ## - DEWEY DECIMAL CLASSIFICATION NUMBER | |
| Classification number | 620.1 |
| Item number | BED |
| Edition number | 22 |
| 100 ## - MAIN ENTRY--PERSONAL NAME | |
| Personal name | Bedford, A. |
| 9 (RLIN) | 28161 |
| 245 10 - TITLE STATEMENT | |
| Title | Engineering mechanics : Statics & dynamics |
| Name of part/section of a work | Statics & dynamics / |
| Statement of responsibility, etc | Anthony Bedford, Wallace Fowler. |
| 250 ## - EDITION STATEMENT | |
| Edition statement | 4th ed. |
| 260 ## - PUBLICATION, DISTRIBUTION, ETC. (IMPRINT) | |
| Place of publication, distribution, etc | Upper Saddle River, N.J. : |
| Name of publisher, distributor, etc | Prentice Hall, 2005 |
| Date of publication, distribution, etc | c2005. |
| 300 ## - PHYSICAL DESCRIPTION | |
| Extent | 622 p. : |
| Other physical details | ill. (some col.) ; |
| Dimensions | 26 cm. |
| 500 ## - GENERAL NOTE | |
| General note | "The two parts of this book are also published separately as Engineering mechanics--statics and Engineering mechanics--dynamics". |
| 500 ## - GENERAL NOTE | |
| General note | Includes index. |
| 650 #0 - SUBJECT ADDED ENTRY--TOPICAL TERM | |
| Topical term or geographic name as entry element | Mechanics, Applied. |
| 9 (RLIN) | 28162 |
| 650 #0 - SUBJECT ADDED ENTRY--TOPICAL TERM | |
| Topical term or geographic name as entry element | Statics. |
| 9 (RLIN) | 28163 |
| 650 #0 - SUBJECT ADDED ENTRY--TOPICAL TERM | |
| Topical term or geographic name as entry element | Dynamics. |
| 9 (RLIN) | 28164 |
| 700 1# - ADDED ENTRY--PERSONAL NAME | |
| Personal name | Fowler, Wallace L. |
| 9 (RLIN) | 28165 |
| 942 ## - ADDED ENTRY ELEMENTS (KOHA) | |
| Item type | Book - Borrowing |
| Call number prefix | 620.1 BED |
| Source of classification or shelving scheme | Dewey Decimal Classification |
| Withdrawn status | Item status | Source of classification or shelving scheme | Damaged status | Not for loan | Home library | Current library | Shelving location | Date acquired | Source of acquisition | Total Checkouts | Total Renewals | Full call number | Barcode | Date last seen | Date last borrowed | Cost, replacement price | Koha item type |
|---|---|---|---|---|---|---|---|---|---|---|---|---|---|---|---|---|---|
| Dewey Decimal Classification | Central Library | Central Library | First floor | 26/04/2007 | Purchase | 4 | 13 | 620.1 BED | 000004901 | 15/07/2025 | 29/09/2019 | 205.00 | Book - Borrowing | ||||
| Dewey Decimal Classification | Central Library | Central Library | First floor | 26/04/2007 | Purchase | 620.1 BED | 000004822 | 15/07/2025 | 205.00 | Book - Borrowing | |||||||
| Central Library | Central Library | First floor | 26/04/2007 | Purchase | 3 | 1 | 620.1 BED | 000004909 | 15/07/2025 | 16/12/2014 | 205.00 | Book - Borrowing | |||||
| Dewey Decimal Classification | Central Library | Central Library | First floor | 26/04/2007 | Purchase | 1 | 13 | 620.1 BED | 000004902 | 15/07/2025 | 28/02/2016 | 205.00 | Book - Borrowing | ||||
| Central Library | Central Library | First floor | 26/04/2007 | Purchase | 2 | 7 | 620.1 BED | 000004903 | 15/07/2025 | 02/03/2013 | 205.00 | Book - Borrowing | |||||
| Central Library | Central Library | First floor | 26/04/2007 | Purchase | 620.1 BED | 000004908 | 15/07/2025 | 205.00 | Book - Borrowing | ||||||||
| Central Library | Central Library | First floor | 26/04/2007 | Purchase | 1 | 1 | 620.1 BED | 000004904 | 15/07/2025 | 14/11/2015 | 205.00 | Book - Borrowing | |||||
| Central Library | Central Library | First floor | 26/04/2007 | Purchase | 2 | 7 | 620.1 BED | 000004907 | 15/07/2025 | 03/03/2016 | 205.00 | Book - Borrowing | |||||
| Central Library | Central Library | First floor | 26/04/2007 | Purchase | 620.1 BED | 000004906 | 15/07/2025 | 205.00 | Book - Borrowing | ||||||||
| Dewey Decimal Classification | Central Library | Central Library | First floor | 26/04/2007 | 3 | 620.1 BED | 000004905 | 15/07/2025 | 26/11/2013 | 205.00 | NB - Book (Non borrowing) | ||||||
| Dewey Decimal Classification | Central Library | Central Library | First floor | 26/04/2007 | Purchase | 1 | 620.1 BED | 000004694 | 15/07/2025 | 22/10/2009 | 205.00 | Book - Borrowing | |||||
| Central Library | Central Library | First floor | 26/04/2007 | Purchase | 620.1 BED | 000004620 | 15/07/2025 | 205.00 | Book - Borrowing |